000 00214nam a22000857a 4500
008 170130b xxu||||| |||| 00| 0 eng d
100 _92646
_aSawhney.P
245 _aMath Magic-Work Book-4
260 _aNew Delhi
_bAPC
_c2010
999 _c5791
_d5791